000 00578nam a2200157 i 4500
001 36461
003 ES-MaACL
005 20230906155355.0
007 t|
008 030218s1958 sp ||||1| spa d
100 1 _aBulbena Estrany, Evelio.
_932493
245 1 0 _aRomancero de la patria mártir (1936-1939)
_b: poema heróico recitado en el Centro Cultural de los Ejércitos el día 29 de abril de 1956 /
_cEvelio Bulbena Estrany.
260 _aBarcelona :
_bBlames,
_c[1958] (
_fCondal)
300 _a85 p. :
_b1 gráf. pleg. ;
_c21 cm.
852 _aES-MaACL
_j1543-F-16
_bR.43089
999 _c36461
_d36461